000 00566nam a2200169 4500
008 0 1985 0x 000 0MEX
020 _a968-24-1791-0
050 _aHF5549.5.P35 C87 1985
082 _a658.312.5 C283r
100 _aCummings, L.L.
245 _aRecursos humanos : desempeño y evaluación / L.L. Cummings, Donald P. Schwab
260 _aMéxico : Trillas
300 _a182 p. / 23 cm.
440 _aTeoría y práctica organizacional / Trillas
650 _a1.ADMINISTRACION DE PERSONAL \ 2.EMPLEADOS
700 _aSchwab, Donald P. Coaut.
999 _c15681
_d15681